00925nam a22001937i 45000010005000000030004000050050017000090070003000260080041000290240014000700400008000842450044000922600013001364900044001496510012001931100039002058660036002448660451002807822OSt20170126082404.0tu161220s xxu||||| |||| 00| 0 d7 a78222RID cOSt00aMonthly Bulletin of Statistics, Hungary aHungary. aMonthly Bulletin of Statistics, Hungary aHungary2 aHungary Central Statistical Office 0u1990/1-2004/5 (unvollständig) 0u

vorhanden:
1990/ von Nr.1 bis Nr.12
1991/ von Nr.1 bis Nr.12
1992/ von Nr.1 bis Nr.12
1993/ von Nr.1 bis Nr.12
1994/ von Nr.1 bis Nr.12
1995/ von Nr.1 bis Nr.12
1996/ von Nr.1 bis Nr.12
1997/ von Nr.1 bis Nr.12
1998/ von Nr.1 bis Nr.12
1999/ von Nr.1 bis Nr.12
2000/ von Nr.1-2 und Nr.12
2001/ von Nr.1-2 und Nr.12
2002/ von Nr.1-2 und Nr.12
2003/ von Nr.1-2 und Nr.12
2004/ von Nr.5 bis Nr.12